| 000 | 00391pab a2200157 454500 | ||
|---|---|---|---|
| 008 | 180718b2011 xxu||||| |||| 00| 0 eng d | ||
| 100 | _aAmin, Mohammad | ||
| 245 | _aCompetition and demographics in large Indian cities | ||
| 260 | _c2011 | ||
| 300 | _ap.1410-1430. | ||
| 362 | _aSep | ||
| 650 | _aUrban areas | ||
| 773 | _aJournal of Development Studies | ||
| 908 | _aN | ||
| 909 | _a93397 | ||
| 999 |
_c93397 _d93397 |
||